00428 2200157 4500245006300000020001800063250001000081100001800091005001900109260003300128041001400161084000800175500003600183490004200219336000900261 aEnsiklopedia geografi indonesia VOL.4cJulian HolandhText a979-3535-10-5 aCet.1 aJulian Holand a20240826122000 aJakartabLENTERA ABADIc2007 aIndonesia a915 aDaftar Isi : Asia timur, Afrika aEnsiklopedia geografi indonesia VOL.4 atext